000 00822caa a22002417a 4500
999 _c418474
_d418474
001 130443
003 UA-OsUOA
005 20200227102149.0
007 ta
008 20180424b un ||||| |||| 00| 0 ukr d
040 _aUA-OsUOA
_bukr
_cUA-OsUOA
_dUA-OsUOA
041 _aukr
080 _a908
090 _a908
_bВ54
100 _aВихованець Т.
245 _aКостянтин та Януш Олександровичі Острозькі
_cТ. Вихованець
300 _aС. 38–56
650 7 _a908 Краєзнавство
_2UDC
773 0 _0373679
_9396127
_dОстрог НаУОА 2000
_o60519
_tНаукові записки. Історичні науки
_w(UA-OsUOA) 87717
942 _cBKA
_2udc
955 _a1